Východiská vysoko výkonných klastrov ako formy spoločného podnikania
Východiská spoločného podnikania a jeho súčasný stav. Formy a charakteristiky spoločného podnikania. Charakteristiky vysoko výkonných klastrov. Prínosy klastrov. Spolupráca univerzít a vysokých škôl so skupinou organizácií. Tvorba klastrov ako významný a úspešný nástroj regionálneho rozvoja.
Gespeichert in:
| 1. Verfasser: | |
|---|---|
| Weitere Verfasser: | |
| Format: | Buchkapitel |
| Sprache: | Slowakisch |
| Schlagworte: | |
| Tags: |
Keine Tags, Fügen Sie das erste Tag hinzu!
|
MARC
| LEADER | 00000naa$a2200000$$$4500 | ||
|---|---|---|---|
| 001 | 0155072 | ||
| 005 | 20240502072727.9 | ||
| 041 | 0 | |a slo | |
| 044 | |a SK | ||
| 245 | 1 | 0 | |a Východiská vysoko výkonných klastrov ako formy spoločného podnikania |c Veronika Littvová, Andrej Kovalev |
| 520 | |a Východiská spoločného podnikania a jeho súčasný stav. Formy a charakteristiky spoločného podnikania. Charakteristiky vysoko výkonných klastrov. Prínosy klastrov. Spolupráca univerzít a vysokých škôl so skupinou organizácií. Tvorba klastrov ako významný a úspešný nástroj regionálneho rozvoja. | ||
| 610 | 2 | 0 | |a klaster |
| 610 | 2 | 0 | |a združenia podnikov |
| 610 | 2 | 0 | |a podnikanie |
| 610 | 2 | 0 | |a infraštruktúra |
| 610 | 2 | 0 | |a spolupráca podnikov |
| 610 | 2 | 0 | |a špecializácia |
| 610 | 2 | 0 | |a rozvoj regionálny |
| 610 | 2 | 0 | |a univerzity |
| 610 | 2 | 0 | |a školy vysoké |
| 610 | 2 | 0 | |a konkurencieschopnosť |
| 100 | 1 | |a Littvová, Veronika | |
| 700 | 1 | |a Kovalev, Andrej | |